|
|
|
|
| LEADER |
00000nab a2200000 a 4500 |
| 001 |
vtls000610179 |
| 003 |
SK-MaSNL |
| 005 |
20260303014550.0 |
| 008 |
160321c1997 xo 0 slo |
| 015 |
|
|
|a SNBRB19rr/mm-uuuuu
|
| 035 |
|
|
|a CL0610318
|
| 040 |
|
|
|a SNKBUCL
|b slo
|c SNKBUCL
|e AACR2
|
| 041 |
0 |
|
|a slo
|
| 044 |
|
|
|a xo
|c SK
|
| 080 |
|
|
|a 341.71(437.1/.2)
|2 1981
|
| 080 |
|
|
|a 929 Slánský, Rudolf
|2 1981
|
| 245 |
0 |
0 |
|a Životopis veľvyslanca ČR v SR R. Slánskeho
|
| 600 |
1 |
7 |
|a Slánský, Rudolf,
|d 1935-2006
|2 snkbucl
|9 166908
|
| 655 |
|
7 |
|a články z novín a časopisov
|2 snkbucl
|9 267496
|
| 773 |
0 |
|
|t Slovenská republika
|g Roč. 5, č. 6 (9. 1. 1997), s. 2
|
| 850 |
|
|
|a Slovenská národná knižnica v Martine
|a MTA001
|
| 852 |
|
|
|a SNK
|b KIS3GCP
|
| 958 |
|
|
|a BC
|
| 958 |
|
|
|a CZ
|
| 958 |
|
|
|a RK
|
| 958 |
|
|
|a RBX
|
| 999 |
|
|
|c 1608218
|d 1610148
|